000 00510nam a2200181Ia 4500
005 20250508154813.0
008 008 250505s9999 xx 000 0 eng d
037 _aTextual
040 _aFEDL
_beng
_cFEDL
041 _aeng
_2eng
084 _a428.3, ROB
_qFEDL
100 _aRobertson A R
_9766125
245 0 _aFirst book of English comprehension
260 _aLondon, UK
_bLongmans, Green and Co.
_c1966
300 _aviii,87p
942 _cTEXL
_h428.3, ROB
999 _c1352211
_d1352211